Umenie a veda klásť otázky (a veda odpovedať na ne) (Príhovor)

Gespeichert in:
Bibliographische Detailangaben
1. Verfasser: Breveníková, Daniela
Format: Buchkapitel
Sprache:Slowakisch
Tags: Tag hinzufügen
Keine Tags, Fügen Sie das erste Tag hinzu!

MARC

LEADER 00000nla a2200000 4500
001 0167249
005 20240502072922.3
041 0 |a slo 
044 |a SK 
245 1 0 |a Umenie a veda klásť otázky (a veda odpovedať na ne) (Príhovor)  |c Daniela Breveníková 
100 1 |a Breveníková, Daniela